| 000 | 00858nam a2200217Ia 4500 | ||
|---|---|---|---|
| 999 |
_c37995 _d37995 |
||
| 001 | 3979 | ||
| 003 | GE_BSU | ||
| 005 | 20190910174046.0 | ||
| 008 | 181216s1998||||ge |||||||||||||| ||geo|| | ||
| 040 | _cGE_BSU | ||
| 041 | _ageo | ||
| 080 | _a37.01 გ–58 | ||
| 100 |
_aგობრონიძე, ალექსანდრე _9794 |
||
| 245 |
_aსწავლების საკითხები : _bლექციების კურსი / _cრედ. ხათუნა თავდგირიძე. |
||
| 264 |
_aბათუმი : _bაჭარა, _c1998. |
||
| 300 |
_a148 გვ. ; _b20 სმ. |
||
| 653 | _aსწავლების მეთოდიკა | ||
| 653 | _aდიდაქტიკა | ||
| 700 |
_aთავდგირიძე, ხათუნა _eრედაქტორი _93857 |
||
| 942 |
_cBK _2udc |
||